Wedding Trivia Quiz Stats

 Plays Quiz not verified by Sporcle

Challenge
Share
Tweet
Embed
Score 0/24 Timer 07:00
0 Plays Today
% Correct
Arranged Marriage
97.3%
Elopement
86.7%
Marriage License
85.8%
Engagement or Betrothal
85%
Sunday
84.1%
Duggars
83.2%
Contract, Consummation, and Celebration
83.2%
Pleasure, Bonding, and Pro-creation
81.4%
Consummation
81.4%
Veil
80.5%
Broom
79.6%
Carry Bride over the Threshold
77%
% Correct
Endogamy
75.2%
Reading of the banns
73.5%
Break a Glass
73.5%
Norse
65.5%
Toss the Bouquet
65.5%
It Takes a Church
56.6%
Manitoba Social
54%
Bundling Bags
52.2%
Bridal Bouquet
52.2%
Zaffe
51.3%
Top of the Bride's stockings or a piece of the dress
49.6%
Polterabend
46%

You're not logged in!

Compare scores with friends on all Sporcle quizzes.
OR
Log In

You Might Also Like...

Show Comments

Extras

Top Quizzes Today


Score Distribution

Your Account Isn't Verified!

In order to create a playlist on Sporcle, you need to verify the email address you used during registration. Go to your Sporcle Settings to finish the process.

Report this User

Report this user for behavior that violates our Community Guidelines.

Details: